عرض عادي
عرض مارك
- Schänzel, Heike A
دخول Personal Name
001 - CONTROL NUMBER
- control field: 20160
003 - CONTROL NUMBER IDENTIFIER
- control field: AE-AdECS
005 - DATE AND TIME OF LATEST TRANSACTION
- control field: 20250917132141.0
008 - FIXED-LENGTH DATA ELEMENTS
- fixed length control field: 250917|| aca||aabn | a|a d
040 ## - CATALOGING SOURCE
- Original cataloging agency: AE-AdECS
- Transcribing agency: AE-AdECS
100 ## - HEADING--PERSONAL NAME
- Personal name: Schänzel, Heike A
670 ## - SOURCE DATA FOUND
- Source citation: Work cat.: (AE-AdECS)292096: Femininities in the Field :, 2018
